Normal view
MARC view
Entry Personal Name
001 - CONTROL NUMBER
- control field: 706625
003 - CONTROL NUMBER IDENTIFIER
- control field: OSt
005 - DATE AND TIME OF LATEST TRANSACTION
- control field: 20221007105448.0
008 - FIXED-LENGTH DATA ELEMENTS
- fixed length control field: 221007|| aca||aabn | a|a d
040 ## - CATALOGING SOURCE
- Original cataloging agency: OSt
- Transcribing agency: OSt
100 ## - HEADING--PERSONAL NAME
- Personal name: Grace H.W
670 ## - SOURCE DATA FOUND
- Source citation: Work cat.: (OSt)1188210: Grace H.W, Handbook on Patents, 1971
